[Event "Hull 4NCL International"]
[Site "Hull"]
[Date "2021.10.23"]
[Round "2.19"]
[White "Prince, Alan R"]
[Black "Agnew, Alan"]
[Result "0-1"]
[WhiteElo "1773"]
[BlackElo "2185"]
[PlyCount "70"]
[EventDate "2021.10.22"]

1. Nf3 Nf6 2. g3 d5 3. Bg2 c6 4. d3 Bf5 5. Nbd2 e6 6. O-O h6 7. Re1 Be7 8. c4
O-O 9. b3 a5 10. a3 Bh7 11. Bb2 Nbd7 12. Bc3 b5 13. cxb5 cxb5 14. b4 axb4 15.
axb4 Nb6 16. Nb3 Na4 17. Bd2 Bd6 18. Nbd4 Qb6 19. Rc1 Rfc8 20. Bh3 Kh8 21. Qb3
g5 22. g4 e5 23. Nc2 Kg7 24. Be3 Qb7 25. d4 e4 26. Ne5 Rc3 27. Qb1 Rac8 28. Kg2
Qe7 29. Bd2 Rxc2 30. Rxc2 Rxc2 31. Qxc2 e3 32. Nd3 exd2 33. Qxd2 Qe4+ 34. f3
Qxd4 35. Rc1 Bf4 0-1

[Event "Hull 4NCL International"]
[Site "Hull"]
[Date "2021.10.23"]
[Round "2.20"]
[White "Whitfield, Craig M"]
[Black "Gostelow, David W"]
[Result "1-0"]
[WhiteElo "2298"]
[BlackElo "1972"]
[PlyCount "91"]
[EventDate "2021.10.22"]

1. d4 d5 2. c4 c6 3. Nc3 Nf6 4. e3 Bf5 5. cxd5 Nxd5 6. Nge2 e6 7. Ng3 Bg6 8. e4
Nb6 9. Be3 Be7 10. f4 f6 11. Qg4 f5 12. exf5 exf5 13. Qf3 Bb4 14. Bd3 O-O 15.
O-O N8d7 16. a3 Bxc3 17. bxc3 Nd5 18. Bd2 Qf6 19. Rab1 Rab8 20. Kh1 Nc7 21. a4
b6 22. Bc1 Rfe8 23. Bb2 Nd5 24. Rbe1 Rbd8 25. Bb1 Nf8 26. c4 Nb4 27. Bc3 a5 28.
d5 Qf7 29. Bxb4 axb4 30. dxc6 Ne6 31. Qb3 Qf8 32. c5 Bf7 33. Qxb4 bxc5 34. Qc3
g6 35. Ba2 Rd4 36. Re5 Rxa4 37. Bxe6 Rxe6 38. Rxc5 Qc8 39. c7 Re7 40. Rd1 Re8
41. h3 Ra8 42. Nf1 Qb7 43. Ne3 Be6 44. Nd5 Bxd5 45. Rcxd5 Rac8 46. Rd7 1-0

[Event "Hull 4NCL International"]
[Site "Hull"]
[Date "2021.10.23"]
[Round "2.21"]
[White "Boswell, Jacob Connor"]
[Black "Ilett, Raymond J"]
[Result "1-0"]
[WhiteElo "2191"]
[BlackElo "1938"]
[PlyCount "69"]
[EventDate "2021.10.22"]

1. d4 Nf6 2. c4 e6 3. Nf3 b6 4. g3 Bb7 5. Bg2 Be7 6. O-O O-O 7. Nc3 d5 8. cxd5
Nxd5 9. Nxd5 Bxd5 10. Qc2 Na6 11. Rd1 Qc8 12. Ng5 f5 13. e4 Nb4 14. Qe2 Bb7 15.
a3 Ba6 16. Qh5 Bxg5 17. Bxg5 g6 18. Qh6 Nd3 19. exf5 exf5 20. Bd5+ Kh8 21. Be7
Qe8 22. Bxf8 Qxf8 23. Qxf8+ Rxf8 24. b3 Rd8 25. Bg2 Rxd4 26. Bf1 c5 27. Rd2 c4
28. bxc4 Ne1 29. Rxd4 Nf3+ 30. Kh1 Nxd4 31. Rd1 Bb7+ 32. Bg2 Bxg2+ 33. Kxg2 Nc2
34. Rd8+ Kg7 35. Rd7+ 1-0

[Event "Hull 4NCL International"]
[Site "Hull"]
[Date "2021.10.23"]
[Round "2.22"]
[White "Ireland, David J"]
[Black "Bettley, Andrew D"]
[Result "1-0"]
[WhiteElo "2094"]
[BlackElo "1852"]
[PlyCount "95"]
[EventDate "2021.10.22"]

1. e4 e5 2. Nf3 Nf6 3. Nc3 Nc6 4. Bb5 d6 5. d4 exd4 6. Qxd4 Bd7 7. Bxc6 Bxc6 8.
Bd2 Be7 9. O-O-O O-O 10. h3 Nd7 11. Nd5 Bxd5 12. Qxd5 c6 13. Qd3 Nc5 14. Qe3
Bf6 15. e5 Re8 16. Bb4 Qb6 17. Bxc5 dxc5 18. Qf4 Be7 19. Rd7 Qa5 20. Kb1 b5 21.
Qf5 g6 22. Qf4 Rad8 23. Rxd8 Rxd8 24. h4 Rd5 25. h5 Qd8 26. hxg6 Rd1+ 27. Rxd1
Qxd1+ 28. Qc1 Qxc1+ 29. Kxc1 hxg6 30. Kd2 Kf8 31. c4 a6 32. Kd3 Ke8 33. Nd2 Kd7
34. f4 Ke6 35. Ke4 Bd8 36. g4 Be7 37. f5+ Kd7 38. Kd3 Bf8 39. Ne4 Ke8 40. b3
Kd7 41. e6+ Kc7 42. Ng5 gxf5 43. exf7 Kd6 44. gxf5 Ke7 45. Ne6 Kxf7 46. Nxf8
Kxf8 47. Ke4 Ke7 48. Ke5 1-0

[Event "Hull 4NCL International"]
[Site "Hull"]
[Date "2021.10.23"]
[Round "2.23"]
[White "Ciuravin, Andrei"]
[Black "Hall, David G"]
[Result "1-0"]
[WhiteElo "2029"]
[BlackElo "1833"]
[PlyCount "41"]
[EventDate "2021.10.22"]

1. d4 g6 2. c4 Bg7 3. Nf3 c6 4. Nc3 d5 5. e3 Nf6 6. Be2 O-O 7. O-O dxc4 8. Bxc4
b5 9. Bb3 Bb7 10. Qe2 Nbd7 11. Rd1 a6 12. e4 Nb6 13. Bg5 h6 14. Bf4 Nh5 15. Be5
e6 16. Qe3 Qe7 17. Bxg7 Kxg7 18. d5 Nc4 19. d6 Qf6 20. Na4 e5 21. Nc5 1-0

[Event "Hull 4NCL International"]
[Site "Hull"]
[Date "2021.10.23"]
[Round "2.24"]
[White "Turner, Lewis A"]
[Black "Hilton, Tim"]
[Result "1-0"]
[WhiteElo "1934"]
[BlackElo "2027"]
[PlyCount "45"]
[EventDate "2021.10.22"]

1. Nf3 f5 2. d3 Nc6 3. e4 e5 4. exf5 Nf6 5. Be2 d5 6. Nh4 Bc5 7. Bh5+ Kf8 8.
O-O Nd4 9. Be3 Qd6 10. Bxd4 Bxd4 11. c3 Bb6 12. Nd2 c6 13. g3 Bd7 14. Qe2 Nxh5
15. Qxh5 Be8 16. Qe2 Bd7 17. Rae1 Bc7 18. Qh5 Be8 19. Qg4 Qf6 20. Ndf3 Bd7 21.
Qb4+ Qd6 22. Nxe5 Qxb4 23. Nxd7+ 1-0

[Event "Hull 4NCL International"]
[Site "Hull"]
[Date "2021.10.23"]
[Round "2.25"]
[White "Chauhan, Pranay"]
[Black "Liu, Jack"]
[Result "1-0"]
[WhiteElo "2018"]
[BlackElo "1810"]
[PlyCount "59"]
[EventDate "2021.10.22"]

1. Nf3 Nf6 2. g3 g6 3. d4 Bg7 4. c4 d6 5. Bg2 O-O 6. Nc3 Nc6 7. O-O a6 8. Qc2
Rb8 9. Rd1 Bd7 10. e4 b5 11. e5 Ne8 12. c5 b4 13. Nd5 Be6 14. Ne3 d5 15. Ng5
Na7 16. f4 c6 17. f5 Bc8 18. e6 fxe6 19. fxg6 h6 20. Nf7 Rxf7 21. gxf7+ Kxf7
22. Ng4 h5 23. Rf1+ Nf6 24. Ne5+ Kg8 25. Qg6 Qf8 26. Bg5 b3 27. a3 a5 28. Rf4
Ba6 29. Bh3 Bc8 30. Bf1 1-0

[Event "Hull 4NCL International"]
[Site "Hull"]
[Date "2021.10.23"]
[Round "2.26"]
[White "Johnson, Paul A"]
[Black "Buckley, Colm"]
[Result "1-0"]
[WhiteElo "1851"]
[BlackElo "2013"]
[PlyCount "129"]
[EventDate "2021.10.22"]

1. d4 e6 2. Nf3 Nf6 3. Bf4 c5 4. e3 Nc6 5. c3 d5 6. Nbd2 Bd6 7. Bg3 O-O 8. Bd3
Re8 9. Ne5 Qc7 10. f4 c4 11. Bc2 b5 12. O-O b4 13. Nxc6 Qxc6 14. Ba4 Qc7 15.
Bxe8 Nxe8 16. Bh4 Bd7 17. Nf3 f6 18. cxb4 Bxb4 19. Be1 Be7 20. Bc3 a5 21. Rc1
Nd6 22. Nd2 Bb5 23. Rf3 Be8 24. g4 Qb7 25. b3 a4 26. bxc4 dxc4 27. Rb1 Qd5 28.
Bb4 c3 29. Bxc3 Qxa2 30. e4 a3 31. Ra1 Ba4 32. Qc1 Qc2 33. Qxc2 Bxc2 34. Re3
Nb5 35. Ra2 Bd1 36. h3 Rc8 37. Ba1 Rc1 38. Kg2 Bb4 39. Nb3 Rb1 40. Nc5 Kf7 41.
Rd3 Ke7 42. e5 Bxc5 43. dxc5 Bb3 44. exf6+ gxf6 45. Rxb3 Rxb3 46. g5 fxg5 47.
fxg5 Rb1 48. Bf6+ Kf7 49. Rc2 h6 50. h4 hxg5 51. hxg5 Nc7 52. c6 Ke8 53. g6 Rb4
54. Kg3 Rb6 55. Be5 Nd5 56. c7 Nxc7 57. Bxc7 Rb2 58. Rc4 a2 59. Ra4 Rb1 60.
Rxa2 Rg1+ 61. Rg2 Rd1 62. Kg4 Kf8 63. Kg5 Kg8 64. Be5 Rd8 65. Rh2 1-0

[Event "Hull 4NCL International"]
[Site "Hull"]
[Date "2021.10.23"]
[Round "2.27"]
[White "Verma, Shlok"]
[Black "Dasgupta, Avyukt"]
[Result "1-0"]
[WhiteElo "2005"]
[BlackElo "1777"]
[PlyCount "71"]
[EventDate "2021.10.22"]

1. d4 Nf6 2. c4 e5 3. dxe5 Ng4 4. Nc3 Nxe5 5. e3 Nbc6 6. Nf3 Bb4 7. Qc2 O-O 8.
a3 Bxc3+ 9. Qxc3 Qf6 10. Nxe5 Nxe5 11. Be2 d6 12. h3 Be6 13. Qc2 Rfe8 14. Bd2
Bf5 15. e4 Qe7 16. O-O-O Nc6 17. f3 Nd4 18. Qd3 Nxe2+ 19. Qxe2 a5 20. g4 Bg6
21. h4 h6 22. h5 Bh7 23. g5 hxg5 24. h6 Bg6 25. hxg7 Kxg7 26. Bc3+ f6 27. Qd2
Kf7 28. Rh6 Rh8 29. Qd5+ Kg7 30. Rxh8 Rxh8 31. Qxg5 Rh5 32. Qg4 Kf7 33. Qc8 b6
34. Rg1 Kg7 35. Qg4 Rg5 36. Qxg5 1-0

[Event "Hull 4NCL International"]
[Site "Hull"]
[Date "2021.10.23"]
[Round "2.28"]
[White "Mize, Dylan"]
[Black "Fathallah, Joe"]
[Result "0-1"]
[WhiteElo "1831"]
[BlackElo "1998"]
[PlyCount "74"]
[EventDate "2021.10.22"]

1. d4 f5 2. Nf3 Nf6 3. g3 g6 4. Bg2 Bg7 5. O-O O-O 6. Nbd2 d6 7. Re1 Nc6 8. e4
Nxe4 9. Nxe4 fxe4 10. Rxe4 Bf5 11. Re1 Bg4 12. c3 Kh8 13. Qd3 Bxf3 14. Bxf3 e5
15. d5 Ne7 16. Bg2 Qd7 17. Qe2 Rf7 18. h4 Raf8 19. Rf1 h5 20. Kh2 Nf5 21. Bg5
Bh6 22. Qd2 Kg7 23. Bxh6+ Nxh6 24. Be4 Rxf2+ 25. Rxf2 Rxf2+ 26. Qxf2 Ng4+ 27.
Kg2 Nxf2 28. Kxf2 Qb5 29. Rb1 Qa4 30. Re1 Qxa2 31. Re2 Qc4 32. Ke1 c6 33. dxc6
bxc6 34. Bf3 Qc5 35. Kf1 a5 36. Re4 Qb5+ 37. Re2 d5 0-1

[Event "Hull 4NCL International"]
[Site "Hull"]
[Date "2021.10.23"]
[Round "2.29"]
[White "Mollison, Jamie"]
[Black "Southcott-Moyers, Indy"]
[Result "0-1"]
[WhiteElo "1998"]
[BlackElo "1751"]
[PlyCount "112"]
[EventDate "2021.10.22"]

1. Nf3 d5 2. b3 Nf6 3. Bb2 e6 4. e3 Be7 5. d4 b6 6. Nbd2 Bb7 7. Bb5+ c6 8. Bd3
Nbd7 9. O-O O-O 10. Ne5 c5 11. f4 Ne4 12. Rf3 f5 13. Rh3 Nxe5 14. dxe5 Nxd2 15.
Qxd2 c4 16. Be2 Rc8 17. Bd4 Qe8 18. c3 Bc5 19. Kh1 g6 20. g4 Bxd4 21. exd4 Qf7
22. Rf1 fxg4 23. Bxg4 Rce8 24. Rg3 Kh8 25. h4 Rg8 26. b4 Ref8 27. Qh2 Bc8 28.
Bd1 Bd7 29. Rg5 Be8 30. h5 gxh5 31. Bxh5 Qd7 32. Rxg8+ Rxg8 33. Rg1 Rxg1+ 34.
Kxg1 Qg7+ 35. Kh1 Bg6 36. Bxg6 Qxg6 37. Qd2 Kg7 38. Kh2 Qg4 39. a4 Kf7 40. a5
h5 41. axb6 axb6 42. Qe3 h4 43. b5 Kg6 44. f5+ Qxf5 45. Qg1+ Qg5 46. Qb1+ Kh6
47. Qe1 Qg3+ 48. Qxg3 hxg3+ 49. Kxg3 Kg5 50. Kg2 Kg4 51. Kf2 Kf4 52. Ke2 Ke4
53. Kd2 Kf3 54. Kd1 Ke3 55. Kc2 Ke2 56. Kb1 Kd1 0-1

[Event "Hull 4NCL International"]
[Site "Hull"]
[Date "2021.10.23"]
[Round "3.1"]
[White "Cooper, John G"]
[Black "Hebden, Mark L"]
[Result "1-0"]
[WhiteElo "2313"]
[BlackElo "2530"]
[PlyCount "0"]
[EventDate "2021.10.22"]

1. c4 {[%clk 01:28:53]} {[%emt 00:02:05]} g6 {[%clk 01:30:18]} {[%emt
00:00:42]} 2. Nc3 {[%clk 01:29:11]} {[%emt 00:00:12]} Bg7 {[%clk 01:30:35]}
{[%emt 00:00:14]} 3. g3 {[%clk 01:29:15]} {[%emt 00:00:26]} Nf6 {[%clk
01:30:50]} {[%emt 00:00:14]} 4. Bg2 {[%clk 01:29:28]} {[%emt 00:00:18]} O-O
{[%clk 01:31:11]} {[%emt 00:00:09]} 5. e4 {[%clk 01:29:43]} {[%emt 00:00:16]}
c5 {[%clk 01:31:23]} {[%emt 00:00:18]} 6. Nge2 {[%clk 01:29:59]} {[%emt
00:00:14]} Nc6 {[%clk 01:31:46]} {[%emt 00:00:07]} 7. O-O {[%clk 01:30:04]}
{[%emt 00:00:25]} a6 {[%clk 01:31:23]} {[%emt 00:00:53]} 8. f4 {[%clk
01:26:57]} {[%emt 00:03:37]} d6 {[%clk 01:31:36]} {[%emt 00:00:18]} 9. h3
{[%clk 01:27:04]} {[%emt 00:00:22]} Rb8 {[%clk 01:31:51]} {[%emt 00:00:15]} 10.
g4 {[%clk 01:25:49]} {[%emt 00:01:45]} Ne8 {[%clk 01:32:03]} {[%emt 00:00:18]}
11. d3 {[%clk 01:20:44]} {[%emt 00:05:35]} b5 {[%clk 01:31:40]} {[%emt
00:00:53]} 12. Rb1 {[%clk 01:05:18]} {[%emt 00:15:56]} b4 {[%clk 01:30:45]}
{[%emt 00:01:25]} 13. Nd5 {[%clk 01:00:41]} {[%emt 00:05:06]} e6 {[%clk
01:30:42]} {[%emt 00:00:33]} 14. Ne3 {[%clk 01:00:18]} {[%emt 00:00:53]} Nd4
{[%clk 01:30:37]} {[%emt 00:00:35]} 15. Nxd4 {[%clk 00:57:05]} {[%emt
00:03:43]} Bxd4 {[%clk 01:26:33]} {[%emt 00:04:35]} 16. Qe1 {[%clk 00:54:24]}
{[%emt 00:03:11]} f5 {[%clk 01:25:44]} {[%emt 00:01:19]} 17. gxf5 {[%clk
00:53:03]} {[%emt 00:01:50]} exf5 {[%clk 01:25:51]} {[%emt 00:00:24]} 18. Kh1
{[%clk 00:52:36]} {[%emt 00:00:57]} b3 {[%clk 01:21:31]} {[%emt 00:04:49]} 19.
a3 {[%clk 00:50:02]} {[%emt 00:03:04]} Nf6 {[%clk 01:17:19]} {[%emt 00:04:42]}
20. exf5 {[%clk 00:47:53]} {[%emt 00:02:40]} gxf5 {[%clk 01:14:55]} {[%emt
00:02:54]} 21. Bd2 {[%clk 00:44:05]} {[%emt 00:04:18]} Kh8 {[%clk 01:13:44]}
{[%emt 00:01:40]} 22. Qh4 {[%clk 00:39:00]} {[%emt 00:05:36]} Ne4 {[%clk
01:12:08]} {[%emt 00:02:06]} 23. Qxd8 {[%clk 00:38:16]} {[%emt 00:01:13]} Ng3+
{[%clk 01:12:30]} {[%emt 00:00:08]} 24. Kg1 {[%clk 00:38:29]} {[%emt 00:00:17]}
Rxd8 {[%clk 01:12:53]} {[%emt 00:00:07]} 25. Rf3 {[%clk 00:30:37]} {[%emt
00:08:22]} Nh5 {[%clk 01:12:37]} {[%emt 00:00:47]} 26. Bc3 {[%clk 00:29:40]}
{[%emt 00:01:27]} Re8 {[%clk 01:10:15]} {[%emt 00:02:52]} 27. Bxd4+ {[%clk
00:28:18]} {[%emt 00:01:52]} cxd4 {[%clk 01:10:38]} {[%emt 00:00:07]} 28. Nd5
{[%clk 00:28:27]} {[%emt 00:00:21]} Bb7 {[%clk 01:10:52]} {[%emt 00:00:16]} 29.
Rf2 {[%clk 00:20:44]} {[%emt 00:08:13]} Bxd5 {[%clk 01:10:44]} {[%emt
00:00:39]} 30. Bxd5 {[%clk 00:20:28]} {[%emt 00:00:45]} Re3 {[%clk 01:10:42]}
{[%emt 00:00:32]} 31. Kh2 {[%clk 00:20:45]} {[%emt 00:00:14]} Nf6 {[%clk
01:09:19]} {[%emt 00:01:53]} 32. Bc6 {[%clk 00:18:16]} {[%emt 00:02:59]} Rxd3
{[%clk 01:07:09]} {[%emt 00:02:40]} 33. Re1 {[%clk 00:18:32]} {[%emt 00:00:14]}
Re3 {[%clk 01:05:38]} {[%emt 00:02:01]} 34. Rxe3 {[%clk 00:18:08]} {[%emt
00:00:54]} dxe3 {[%clk 01:06:06]} {[%emt 00:00:02]} 35. Re2 {[%clk 00:16:02]}
{[%emt 00:02:35]} Rc8 {[%clk 01:06:15]} {[%emt 00:00:21]} 36. Ba4 {[%clk
00:16:03]} {[%emt 00:00:30]} Rxc4 {[%clk 01:04:37]} {[%emt 00:02:08]} 37. Bxb3
{[%clk 00:16:25]} {[%emt 00:00:08]} Re4 {[%clk 01:04:50]} {[%emt 00:00:17]} 38.
Kg3 {[%clk 00:15:05]} {[%emt 00:01:50]} d5 {[%clk 01:02:18]} {[%emt 00:03:02]}
39. Kf3 {[%clk 00:13:06]} {[%emt 00:02:29]} d4 {[%clk 01:02:24]} {[%emt
00:00:24]} 40. Bc2 {[%clk 00:13:26]} {[%emt 00:00:09]} a5 {[%clk 01:02:33]}
{[%emt 00:00:22]} 41. Bd3 {[%clk 00:13:38]} {[%emt 00:00:17]} Re8 {[%clk
00:57:27]} {[%emt 00:05:36]} 42. Bxf5 {[%clk 00:12:23]} {[%emt 00:01:46]} a4
{[%clk 00:56:57]} {[%emt 00:01:01]} 43. Rc2 {[%clk 00:11:39]} {[%emt 00:01:14]}
Nh5 {[%clk 00:48:05]} {[%emt 00:09:22]} 44. Bd3 {[%clk 00:11:42]} {[%emt
00:00:26]} Rf8 {[%clk 00:47:33]} {[%emt 00:01:02]} 45. f5 {[%clk 00:11:46]}
{[%emt 00:00:26]} Kg7 {[%clk 00:39:46]} {[%emt 00:08:17]} 46. Rc4 {[%clk
00:11:39]} {[%emt 00:00:37]} Rd8 {[%clk 00:39:42]} {[%emt 00:00:35]} 47. Rxa4
{[%clk 00:11:42]} {[%emt 00:00:27]} Kf6 {[%clk 00:39:31]} {[%emt 00:00:41]} 48.
h4 {[%clk 00:11:13]} {[%emt 00:00:59]} Rd6 {[%clk 00:35:07]} {[%emt 00:04:54]}
49. b4 {[%clk 00:10:08]} {[%emt 00:01:35]} Ng7 {[%clk 00:35:13]} {[%emt
00:00:24]} 50. Ra5 {[%clk 00:10:07]} {[%emt 00:00:31]} Rc6 {[%clk 00:34:01]}
{[%emt 00:01:42]} 51. Rd5 {[%clk 00:08:08]} {[%emt 00:02:29]} Rc3 {[%clk
00:34:05]} {[%emt 00:00:26]} 52. Rxd4 {[%clk 00:07:56]} {[%emt 00:00:42]} Rxa3
{[%clk 00:33:38]} {[%emt 00:00:58]} 53. Rd5 {[%clk 00:06:25]} {[%emt 00:02:00]}
Rb3 {[%clk 00:32:46]} {[%emt 00:01:22]} 54. Rd6+ {[%clk 00:06:22]} {[%emt
00:00:33]} Ke5 {[%clk 00:31:44]} {[%emt 00:01:32]} 55. f6 {[%clk 00:06:36]}
{[%emt 00:00:16]} e2 {[%clk 00:31:01]} {[%emt 00:01:14]} 56. Kxe2 {[%clk
00:06:20]} {[%emt 00:00:45]} Rb2+ {[%clk 00:31:07]} {[%emt 00:00:25]} 57. Kf3
{[%clk 00:06:25]} {[%emt 00:00:25]} Ne6 {[%clk 00:31:21]} {[%emt 00:00:16]} 58.
Rb6 {[%clk 00:06:05]} {[%emt 00:00:50]} Rb3 {[%clk 00:31:01]} {[%emt 00:00:50]}
59. Ke3 {[%clk 00:05:41]} {[%emt 00:00:52]} Kxf6 {[%clk 00:31:19]} {[%emt
00:00:14]} 60. Kd2 {[%clk 00:05:51]} {[%emt 00:00:20]} Rb2+ {[%clk 00:31:05]}
{[%emt 00:00:44]} 61. Kc3 {[%clk 00:06:09]} {[%emt 00:00:11]} Rh2 {[%clk
00:31:29]} {[%emt 00:00:06]} 62. Bc4 {[%clk 00:06:32]} {[%emt 00:00:08]} Rh3+
{[%clk 00:31:52]} {[%emt 00:00:06]} 63. Kc2 {[%clk 00:06:52]} {[%emt 00:00:09]}
Rxh4 {[%clk 00:32:09]} {[%emt 00:00:15]} 64. Rxe6+ {[%clk 00:07:12]} {[%emt
00:00:09]} Kf5 {[%clk 00:32:32]} {[%emt 00:00:07]} 65. Rc6 {[%clk 00:07:35]}
{[%emt 00:00:07]} h5 {[%clk 00:32:45]} {[%emt 00:00:17]} 66. b5 {[%clk
00:07:55]} {[%emt 00:00:10]} Rd4 {[%clk 00:31:50]} {[%emt 00:01:25]} 67. b6
{[%clk 00:08:03]} {[%emt 00:00:23]} Rd8 {[%clk 00:31:54]} {[%emt 00:00:26]} 68.
Be6+ {[%clk 00:08:19]} {[%emt 00:00:11]} Ke5 {[%clk 00:31:36]} {[%emt
00:00:50]} 69. Bc8 {[%clk 00:08:39]} {[%emt 00:00:09]} Rd5 {[%clk 00:31:42]}
{[%emt 00:00:25]} 70. b7 {[%clk 00:08:30]} {[%emt 00:00:39]} Rb5 {[%clk
00:31:55]} {[%emt 00:00:17]} 71. Rh6 {[%clk 00:08:44]} {[%emt 00:00:16]} Kf4
{[%clk 00:31:46]} {[%emt 00:00:39]} 72. Rxh5 {[%emt 00:00:20]}  1-0